| 000 | 00558nam a2200205Ia 4500 | ||
|---|---|---|---|
| 008 | 131103s9999 xx 000 0 und d | ||
| 020 | _a435120131 | ||
| 040 | _aLoreto College | ||
| 041 | _aEnglish | ||
| 082 |
_a880/WAR _bLCLIB/24398 |
||
| 100 | _aWarner,Rex | ||
| 245 |
_aGreeks and Trojans _cRex,Warner;illustrated by Edward Bawden |
||
| 260 |
_aLondon _bHeinemann Educational Books _c1974 |
||
| 300 |
_avii,188 p. _b ill. _c 19 cm. |
||
| 440 | _aNew Windmill Series | ||
| 650 | _aBawden,Edward, | ||
| 651 | _aill. | ||
| 850 | _aLCLIB | ||
| 942 | _cBK | ||
| 999 |
_c5488 _d55967 |
||